000 00989nam1a22002771i 4500
001 v19\rc\1805323
005 20260407132657.0
035 _a(NLR Aleph) 004906459
090 _a5431071
_c5431071
100 _a20071224d19061909|||y0rusy50 ca
101 0 _arus
102 _aRU
105 _ay z |||||
200 1 _aОтчеты о деятельности страховых инспекторов и агентов Костромского губернского земства ...
210 _aКострома
_d1906-1909
215 _d24
710 0 2 _aКостромская губернская земская управа
_9485497
_3RU\NLR\AUTH\889994419
712 0 2 _aКостромское губ. земство
801 0 _aRU
_bNLR
_gpsbo
801 0 _aRU
_bRuMoRGB
_2psbo
801 1 _aRU
_bProSoft-M
_2rusmarc
852 _aNLR
_bЗем
_j17/О7
899 _aRuMoRGB (1905, 1907)
_jN 6/94
899 _aRuMoRGB (1905, 1907)
_jN 61а/33
899 _aБАН (1905)
942 _cBOOK